La cultura de la satisfacción / (Record no. 10703)

MARC details
000 -LEADER
fixed length control field 00555nam a2200181 a 4500
005 - DATE AND TIME OF LATEST TRANSACTION
control field 20250219135243.0
008 - FIXED-LENGTH DATA ELEMENTS--GENERAL INFORMATION
fixed length control field 130416s2012 000 spa d
020 ## - INTERNATIONAL STANDARD BOOK NUMBER
International Standard Book Number 950-04-1191-1
082 14 - DEWEY DECIMAL CLASSIFICATION NUMBER
Edition number 14
Classification number 306.3
100 1# - MAIN ENTRY--PERSONAL NAME
9 (RLIN) 21181
Personal name Galbraith, John Kenneth
245 13 - TITLE STATEMENT
Title La cultura de la satisfacción /
Statement of responsibility, etc John Kenneth Galbraith
260 ## - PUBLICATION, DISTRIBUTION, ETC. (IMPRINT)
Place of publication, distribution, etc Buenos Aires:
Name of publisher, distributor, etc Emecé Editores,
Date of publication, distribution, etc 2012.
300 ## - PHYSICAL DESCRIPTION
Extent 190 p.
650 17 - SUBJECT ADDED ENTRY--TOPICAL TERM
9 (RLIN) 4238
Topical term or geographic name as entry element ANTROPOLOGÍA CULTURAL
Source of heading or term unescot
650 27 - SUBJECT ADDED ENTRY--TOPICAL TERM
9 (RLIN) 401
Topical term or geographic name as entry element GLOBALIZACION
Source of heading or term unescot
650 17 - SUBJECT ADDED ENTRY--TOPICAL TERM
9 (RLIN) 2757
Topical term or geographic name as entry element CONSUMO
Source of heading or term unescot
942 ## - ADDED ENTRY ELEMENTS (KOHA)
Source of classification or shelving scheme Dewey Decimal Classification
Item type Libro, folleto, traducción
980 ## - EQUIVALENCE OR CROSS-REFERENCE-SERIES STATEMENT--PERSONAL NAME/TITLE [LOCAL, CANADA]
Linkage 19226
Personal name Palazón Marcela I.
Field link and sequence number 19226
Miscellaneous information Palazón Marcela I.
Holdings
Withdrawn status Lost status Source of classification or shelving scheme Damaged status Not for loan Home library Current library Date acquired Full call number Barcode Date last seen Copy number Price effective from Koha item type Public note
    Dewey Decimal Classification     Biblioteca Central Biblioteca Central 19/02/2025 306.3 GAL UNAJ25020105 19/02/2025 1 19/02/2025 Libro, folleto, traducción Escrito en lápiz en las primeras páginas.

Lunes a Viernes 8:30 a 19:00 hs. Cerrado por mudanza
Av.Calchaqui 6200 Florencio Varela (CP188) 2°piso Edificio Mosconi Aula 209-210
Mail: bibliotecacentralunaj@gmail.com  
Whatsapp(54 9)1122668024    ❔Pregunte a la bibliotecaria
© Universidad Nacional Arturo Jauretche | Secretaría Académica | Biblioteca Central UNAJ